The medium-term outlook (Record no. 117772)

MARC details
000 -LEADER
fixed length control field 01374cam a2200229 4500
001 - CONTROL NUMBER
control field ABS67987
008 - FIXED-LENGTH DATA ELEMENTS--GENERAL INFORMATION
fixed length control field 040726n2004 000 0 eng u
035 ## - SYSTEM CONTROL NUMBER
System control number (Sirsi) u126927
245 #4 - TITLE STATEMENT
Title The medium-term outlook
260 ## - PUBLICATION, DISTRIBUTION, ETC.
Date of publication, distribution, etc. 2004
490 ## - SERIES STATEMENT
Series statement Building
Volume/sequential designation 269(8339) 2 July 2004, 63-71(9)
520 ## - SUMMARY, ETC.
Summary, etc. Examines the latest UK construction forecast produced by Experian Business Strategies. Notes that there has been a slowdown in growth from the high levels achieved in 2003 for the construction industry, according to first quarter figures for 2004. For the next two years the gap between construction growth and GDP is likely to narrow as the industry will grow by 3.4% this year before dropping to 2.7% in 2005 and rising to 3% in 2006. This growth level conceals an uneven picture for the various sectors; all public sector construction is likely to witness large increases in output fuelled by high government spending while commercial construction is still subdued by the quiet office market sector in London and southeast England. With summaries for output and orders including regional figures.
590 ## - LOCAL NOTE (RLIN)
Local note ABS
590 ## - LOCAL NOTE (RLIN)
Local note ABS
650 ## - SUBJECT ADDED ENTRY--TOPICAL TERM
Topical term or geographic name entry element CONSTRUCTION FORECASTS
650 ## - SUBJECT ADDED ENTRY--TOPICAL TERM
Topical term or geographic name entry element EXPERIAN
650 ## - SUBJECT ADDED ENTRY--TOPICAL TERM
Topical term or geographic name entry element PUBLIC SECTOR
650 ## - SUBJECT ADDED ENTRY--TOPICAL TERM
Topical term or geographic name entry element CONSTRUCTION OUTPUT
650 ## - SUBJECT ADDED ENTRY--TOPICAL TERM
Topical term or geographic name entry element GOVERNMENT SPENDING
690 ## - LOCAL SUBJECT ADDED ENTRY--TOPICAL TERM (OCLC, RLIN)
Topical term or geographic name as entry element BUILDING AND CONSTRUCTION-ECONOMICS
942 ## - ADDED ENTRY ELEMENTS (KOHA)
Suppress in OPAC 0
Holdings
Withdrawn status Lost status Source of classification or shelving scheme Damaged status Not for loan Home library Current library Shelving location Date acquired Total Checkouts Full call number Barcode Date last seen Copy number Price effective from Koha item type
    Dewey Decimal Classification     London London Journal article 30/07/2004   ABS67987 126927-1001 06/08/2019 1 06/08/2019 Journal article